Engineers on the twin rivers : (Record no. 915526)

MARC details
000 -LEADER
fixed length control field 01176nam a2200313 a 4500
001 - CONTROL NUMBER
control field vtls001465617
003 - CONTROL NUMBER IDENTIFIER
control field NLI
005 - DATE AND TIME OF LATEST TRANSACTION
control field 20210627125655.0
008 - FIXED-LENGTH DATA ELEMENTS--GENERAL INFORMATION
fixed length control field 121201s1978 tnua f000 0 eng
039 #9 - LEVEL OF BIBLIOGRAPHIC CONTROL AND CODING DETAIL [OBSOLETE]
-- 201212011831
-- VLOAD
040 ## - CATALOGING SOURCE
Original cataloging agency NLI
Language of cataloging eng
Transcribing agency Datasoft_FOD
Description conventions AACR2
041 0# - LANGUAGE CODE
Language code of text/sound track or separate title eng
044 ## - COUNTRY OF PUBLISHING/PRODUCING ENTITY CODE
MARC country code tnu
082 04 - DEWEY DECIMAL CLASSIFICATION NUMBER
Classification number 358.220976855
100 1# - MAIN ENTRY--PERSONAL NAME
Personal name Johnson, Leland R.
9 (RLIN) 738902
245 10 - TITLE STATEMENT
Title Engineers on the twin rivers :
Remainder of title a history of the Nashville District Corps of Engineers, United States Army /
Statement of responsibility, etc. by Leland R. Johnson ; design & ill. by James A. Crutchfield
260 ## - PUBLICATION, DISTRIBUTION, ETC.
Place of publication, distribution, etc. Nashville :
Name of publisher, distributor, etc. U.S. Army Engineer District--Nashville,
Date of publication, distribution, etc. 1978
300 ## - PHYSICAL DESCRIPTION
Extent x, 330 p. :
Other physical details ill. ;
Dimensions 28 cm.
610 20 - SUBJECT ADDED ENTRY--CORPORATE NAME
Corporate name or jurisdiction name as entry element United States.
Subordinate unit Army.
-- Corps of Engineers.
-- Nashville District
General subdivision History
9 (RLIN) 1022026
650 #0 - SUBJECT ADDED ENTRY--TOPICAL TERM
Topical term or geographic name entry element Military engineering
Geographic subdivision United States
-- Tennessee river
General subdivision History
9 (RLIN) 1022027
651 #0 - SUBJECT ADDED ENTRY--GEOGRAPHIC NAME
Geographic name Cumberland River (Ky. and Tenn.)
9 (RLIN) 1022028
651 #0 - SUBJECT ADDED ENTRY--GEOGRAPHIC NAME
Geographic name Tennessee River
9 (RLIN) 1022029
887 ## - NON-MARC INFORMATION FIELD
Content of non-MARC field
901 ## - LOCAL DATA ELEMENT A, LDA (RLIN)
a AD 76631
b 02.08.2010
902 ## - LOCAL DATA ELEMENT B, LDB (RLIN)
a U.S 358.220976855 J 634
904 ## - LOCAL DATA ELEMENT D, LDD (RLIN)
l C 775
949 ## - LOCAL PROCESSING INFORMATION (OCLC)
-- VIRTUAITEM
-- 10002
-- 100
6 FOD000076631ENG
942 ## - ADDED ENTRY ELEMENTS (KOHA)
Source of classification or shelving scheme Dewey Decimal Classification
Koha item type Books
Holdings
Withdrawn status Lost status Damaged status Not for loan Collection code Home library Current library Shelving location Date acquired Total Checkouts Full call number Barcode Date last seen Price effective from Koha item type
          National Library of India National Library of India       U.S 358.220976855 J 634 FOD000076631ENG 27/06/2021 27/06/2021 Books
                                                                           
web counter

Copyright ©2020 The National Library of India, Govt. of India ↔ Hosted by NVLI, MOC ↔ Technology and Design by National Library of India, Ministry of Culture, Govt. of India